The York-Antwerp rules: their history and development, with comments on the rules of 1924

Gorde:
Xehetasun bibliografikoak
Egile nagusia: Rudolf, George Rupert (Egilea)
Formatua: Liburua
Hizkuntza:ingelesa
Argitaratua: Londres Stevens and Sons 1926
Gaiak:
Etiketak: Etiketa erantsi
Etiketarik gabe, Izan zaitez lehena erregistro honi etiketa jartzen!

MARC

LEADER 00000nam a2200000 a 4500
001 UCH5032
003 CL-VaPUC
008 090916e19260000UK |||||||||||||||||eng|d
082 0 4 |a 338.09493  |b RUD  |2 21 
100 0 |a Rudolf, George Rupert  |e author  |9 541149 
245 1 4 |a The York-Antwerp rules: their history and development, with comments on the rules of 1924 
300 |a 320 p 
942 |c BK 
945 |d 20090916 00:00:00  |a rbrito 
260 |a Londres  |b Stevens and Sons  |c 1926 
650 0 |a Comercio  |9 255341 
650 0 |a Desarrollo económico  |9 259599 
651 7 |a YORK  |2 CL-VaPUC  |9 541150 
651 7 |a AMBERES  |2 CL-VaPUC  |9 344101 
651 7 |a BELGICA  |2 CL-VaPUC  |9 315122 
583 |a last modification  |c 20090916 00:00:00  |k Rodrigo Vera 
999 |c 336254  |d 336252 
952 |0 0  |1 0  |4 0  |6 338_094930000000000_RUD_1926  |7 0  |8 ?  |9 427254  |a FDOBUD  |b FDOBUD  |d 2019-11-22  |i 4598245  |o 338.09493 RUD 1926  |p 4598245  |r 2019-11-22  |w 2019-11-22  |y BK  |k BUD